[Event "18th HIT Open A 2013"]
[Site "Nova Gorica SLO"]
[Date "2013.01.26"]
[Round "3.3"]
[White "Milenkovic,Ml"]
[Black "Pregarac,V"]
[Result "1-0"]
[WhiteElo "2393"]
[BlackElo "2180"]

1.Nf3 Nf6 2.c4 e6 3.d4 Bb4+ 4.Nbd2 c5 5.e3 d5 6.cxd5 Qxd5 7.dxc5 O-O 8.a3 Bxc5
9.b4 Be7 10.Bc4 Qh5 11.Bb2 Nbd7 12.O-O b6 13.Be2 Qg6 14.Nd4 Bb7 15.Bf3 Bxf3
16.N2xf3 a6 17.Nc6 Bd8 18.Qd6 Re8 19.Rac1 b5 20.Rfd1 h6 21.h3 Qf5 22.Bxf6 Nxf6
23.Nxd8 Rexd8 24.Qxd8+ Rxd8 25.Rxd8+ Kh7 26.Ra8 Ne4 27.Rxa6 g5 28.Ra7 h5
29.Rcc7 Kg7 30.Rxf7+ Qxf7 31.Rxf7+ Kxf7 32.Kf1 Kf6 33.Ke2 Nc3+ 34.Kd3 Nb1
35.Nd2 Nxa3 36.Kc3  1-0

[Event "TCh-CZE Div1 Vychod 2012-13"]
[Site "Czech Republic CZE"]
[Date "2013.01.27"]
[Round "6.3"]
[White "Roubalik,J"]
[Black "Pecha,T"]
[Result "1/2-1/2"]
[WhiteElo "2333"]
[BlackElo "2210"]

1.d4 Nf6 2.c4 e6 3.Nf3 Bb4+ 4.Nbd2 b6 5.a3 Bxd2+ 6.Bxd2 Bb7 7.Bg5 h6 8.Bh4 O-O
9.e3 d6 10.Be2 Nbd7 11.O-O Qe7 12.b4 Rfd8 13.Qb3 c5 14.a4 g5 15.Bg3 Ne4 16.bxc5 dxc5
17.Rfd1 Nxg3 18.hxg3 Rab8 19.a5 Qd6 20.axb6 axb6 21.Ra7 cxd4 22.exd4 Be4
23.Qe3 Bg6 24.c5 Qd5 25.Kh2 Ra8 26.Rxa8 Rxa8 27.cxb6 Rb8 28.Ne5 Rxb6 29.Nxg6 fxg6
30.Bf3 Qd6 31.Rc1 Nf8 32.d5 exd5 33.Bxd5+ Kg7 34.Qd4+ Qf6 35.Rc7+ Kh8 36.Qe3 Qb2
37.Qe8 Rf6 38.Bf7 Qb4 39.Re7 Kg7 40.Bd5+ Kh8 41.Bf7 Kg7 42.Bxg6+ Qxe7 43.Qxe7+ Kxg6
44.Qe4+ Kg7 45.f4 Ne6 46.f5 Nd8 47.Qe7+ Nf7 48.g4 Rd6 49.Kg3 Rd3+ 50.Kf2 Rd2+
51.Ke3 Rd6 52.Qc7 Ra6 53.Qc3+ Rf6 54.Ke4 Nd6+ 55.Kd5 Nf7 56.Qc7 Ra6 57.g3 Rf6
58.Kc5 Ra6 59.Qd7 Rf6 60.Qb7 Kg8 61.Qb2 Kg7 62.Qd4 Nh8 63.Qe5 Nf7 64.Qe7 Ra6
65.Kd5 Rb6 66.Kc5  1/2-1/2

[Event "TCh-SWE Elite 2012-13"]
[Site "Sweden SWE"]
[Date "2013.02.02"]
[Round "5"]
[White "Eksmyr,J"]
[Black "Schneider,Stef"]
[Result "0-1"]
[WhiteElo "2192"]
[BlackElo "2312"]

1.d4 e6 2.c4 Bb4+ 3.Nd2 Nf6 4.Nf3 O-O 5.a3 Be7 6.e4 d5 7.e5 Nfd7 8.Qc2 c5
9.Bd3 h6 10.dxc5 Nc6 11.cxd5 exd5 12.b4 Ndxe5 13.Nxe5 Nxe5 14.Bh7+ Kh8 15.Bf5 Bf6
16.Rb1 Nc6 17.Nf3 Qe7+ 18.Kf1 Re8 19.g3 a5 20.Kg2 axb4 21.Re1 Qf8 22.axb4 Rxe1
23.Bxc8 Rxc1 24.Rxc1 Rxc8 25.Qb3 Qd8 26.Rd1 Ne7 27.Qa4 Ra8 28.Qb5 Qc7 29.h4 Qc6
30.Qe2 d4 31.Kg1 Qd5 32.Rd2 Ra1+ 33.Kh2 Nc6  0-1

[Event "ch-TUR 2013"]
[Site "Antalya TUR"]
[Date "2013.02.03"]
[Round "2.2"]
[White "Ipatov,Alexander"]
[Black "Bayraktar,Armagan"]
[Result "1-0"]
[WhiteElo "2569"]
[BlackElo "1878"]

1.c4 Nf6 2.d4 e6 3.Nf3 Bb4+ 4.Nbd2 O-O 5.a3 Be7 6.e4 d5 7.e5 Ne4 8.Qc2 f5
9.exf6 Nxf6 10.Bd3 Nc6 11.c5 Bd7 12.b4 a6 13.Bb2 Qe8 14.h3 g6 15.g4 b5 16.O-O Kg7
17.Ne5 a5 18.Nxc6 Bxc6 19.Rae1 axb4 20.axb4 Qf7 21.f4 Bd7 22.Nf3 c6 23.Re2 Bd8
24.Ne5 Qg8 25.Bxg6 Kh8 26.Bd3 Bc7 27.Rg2 Be8 28.g5 Nh5 29.g6 Bxe5 30.dxe5 hxg6
31.f5 Qh7  1-0

[Event "ch-TUR 2013"]
[Site "Antalya TUR"]
[Date "2013.02.04"]
[Round "4.4"]
[White "Can,E"]
[Black "Kinsiz,O"]
[Result "1-0"]
[WhiteElo "2460"]
[BlackElo "2196"]

1.d4 Nf6 2.c4 e6 3.Nf3 Bb4+ 4.Nbd2 b6 5.g3 Bb7 6.Bg2 O-O 7.O-O Bxd2 8.Bxd2 d6
9.b4 Nbd7 10.a4 Qe7 11.a5 c5 12.dxc5 dxc5 13.b5 e5 14.Qc2 Rfe8 15.Ra3 Nf8
16.Bc3 Ng6 17.Bb2 Be4 18.Qc3 h6 19.Rfa1 Rad8 20.Bh3 Rd6 21.Nd2 Red8 22.Nxe4 Nxe4
23.Qe3 Ng5 24.Bf5 Qf6 25.Bxg6 Qxg6 26.h4 Rd1+ 27.Kg2 Ne4 28.Rxd1 Rxd1 29.Bxe5 Nd6
30.Bxd6 Rxd6 31.axb6 axb6 32.Ra8+ Kh7 33.Rc8 Re6 34.Qf3 Rf6 35.h5 Qg5 36.Qe4+ Qf5
37.Qxf5+ Rxf5 38.Rc6 Re5 39.Kf3 Rxh5 40.Rxb6 Re5 41.Rc6  1-0

[Event "35th Georgi Tringov Open"]
[Site "Plovdiv BUL"]
[Date "2013.02.07"]
[Round "6.5"]
[White "Parligras,M"]
[Black "Pantev,V"]
[Result "1/2-1/2"]
[WhiteElo "2633"]
[BlackElo "2407"]

1.d4 Nf6 2.c4 e6 3.Nf3 Bb4+ 4.Nbd2 b6 5.a3 Bxd2+ 6.Qxd2 Bb7 7.e3 O-O 8.Be2 a5
9.b3 Ne4 10.Qc2 f5 11.O-O Rf6 12.Bb2 Rh6 13.d5 Na6 14.Rad1 Qe7 15.g3 Rf8
16.Ne1 d6 17.f3 Ng5 18.Ng2 Nc5 19.b4 axb4 20.axb4 Nd7 21.dxe6 Rxe6 22.Qc3 Ne5
23.Rd5 c6  1/2-1/2

[Event "TCh-LTU 2013"]
[Site "Taujenai LTU"]
[Date "2013.02.09"]
[Round "4.3"]
[White "Kudzma,L"]
[Black "Beliajev,D"]
[Result "0-1"]
[WhiteElo "2152"]
[BlackElo "2148"]

1.d4 Nf6 2.Nf3 e6 3.c4 Bb4+ 4.Nbd2 O-O 5.Qc2 c5 6.a3 Bxd2+ 7.Bxd2 cxd4 8.Nxd4 d5
9.Rd1 Nc6 10.Bc3 Bd7 11.cxd5 Nxd4 12.Bxd4 exd5 13.e3 Ne4 14.b4 Rc8 15.Qb2 Ba4
16.Rc1 Qh4 17.g3 Qg4 18.Be2 Qh3 19.Bf3 Rxc1+ 20.Qxc1 Rc8 21.Qa1 Rc2 22.Bd1 Qg2
23.Bxc2 Qxf2+  0-1

[Event "Moscow Open B 2013"]
[Site "Moscow RUS"]
[Date "2013.02.10"]
[Round "9.7"]
[White "Cheremnova,T"]
[Black "Iljushina,O"]
[Result "1-0"]
[WhiteElo "2270"]
[BlackElo "2317"]

1.d4 Nf6 2.c4 e6 3.Nf3 Bb4+ 4.Nbd2 b6 5.g3 Bb7 6.Bg2 O-O 7.O-O c5 8.Nb3 cxd4
9.Bf4 d5 10.Nfxd4 Qe7 11.Nc2 Na6 12.a3 Bc5 13.Nxc5 Nxc5 14.b4 Nb3 15.Rb1 dxc4
16.Bd6 Qd7 17.Bxf8 Bxg2 18.Qxd7 Nxd7 19.Kxg2 Kxf8 20.Rfd1 Nf6 21.Na1 Nxa1
22.Rxa1 Rc8 23.f3 Nd5 24.Kf2 f5 25.e4 fxe4 26.fxe4 Nc3 27.Rd7 Nxe4+ 28.Ke3 Nf6
29.Rxa7 Nd5+ 30.Kd4 c3 31.Rf1+ Kg8 32.Rc1 h5 33.Rd7 Nf6 34.Re7 Ng4 35.Rd7 Rc6
36.h3 Nf2 37.h4 c2 38.Ke3 Nh1 39.Kd2 Nxg3 40.Rxc2 Ne4+ 41.Kd3 Rxc2 42.Kxc2 g5
43.Rd4 Ng3 44.hxg5 Nf5 45.Rd3 Kf7 46.a4 Ne7 47.Rf3+ Kg6 48.Rf6+ Kxg5 49.Rxe6 Nf5
50.Rxb6 h4 51.Kd3 h3 52.Rc6 Ne7 53.Rc1 Nd5 54.b5 Kf5 55.Kd4 Nf4 56.Rh1 Ke6
57.Kc5 Kd7 58.b6 Kc8 59.Kc6 Ne6 60.Rxh3 Nd8+ 61.Kb5 Nf7 62.a5 Kb8 63.a6 Kc8
64.Rh7  1-0

[Event "TCh-CZE Extraliga 2012-13"]
[Site "Czech Republic CZE"]
[Date "2013.02.16"]
[Round "5.8"]
[White "Rosko,L"]
[Black "Vesselovsky,S"]
[Result "1/2-1/2"]
[WhiteElo "2311"]
[BlackElo "2356"]

1.d4 Nf6 2.c4 e6 3.Nf3 Bb4+ 4.Nbd2 b6 5.a3 Bxd2+ 6.Qxd2 Bb7 7.e3 O-O 8.Bd3 d6
9.Qc2 c5 10.dxc5 bxc5 11.b4 Nbd7 12.O-O cxb4 13.axb4 a5 14.Bd2 axb4  1/2-1/2

[Event "TCh-CZE Extraliga 2012-13"]
[Site "Czech Republic CZE"]
[Date "2013.02.16"]
[Round "5.3"]
[White "Bulski,K"]
[Black "Spirin,O"]
[Result "1/2-1/2"]
[WhiteElo "2549"]
[BlackElo "2472"]

1.d4 Nf6 2.c4 e6 3.Nf3 Bb4+ 4.Nbd2 O-O 5.a3 Be7 6.g3 d6 7.Bg2 Nbd7 8.O-O e5
9.Nb1 c6 10.Nc3 e4 11.Ne1 d5 12.cxd5 cxd5 13.f3 exf3 14.Nxf3 Nb6 15.Qd3 g6
16.Ne5 Be6 17.Kh1 Rc8 18.Bh6 Re8 19.Rad1 Ng4 20.Bf4 Bg5 21.Qf3 Nxe5 22.dxe5 Bxf4
23.Qxf4 Rc4 24.e4 Qe7 25.Qf2 d4 26.Nd5 Nxd5 27.exd5 Bf5 28.g4 Bxg4 29.d6 Qd7
30.Rxd4 Rxd4 31.Qxd4 Bh3 32.Bxh3 Qxh3 33.Qc4  1/2-1/2

[Event "TCh-NED Meesterklasse 2012-13"]
[Site "Netherland NED"]
[Date "2013.02.16"]
[Round "6.1"]
[White "Ernst,S"]
[Black "Jussupow,Ar"]
[Result "1-0"]
[WhiteElo "2548"]
[BlackElo "2608"]

1.d4 Nf6 2.c4 e6 3.Nf3 Bb4+ 4.Nbd2 d5 5.Qa4+ Nc6 6.a3 Be7 7.e3 O-O 8.Bd3 Re8
9.b4 Bf8 10.Bb2 Ne7 11.Qc2 c6 12.Ne5 Nf5 13.g4 Nd6 14.g5 Nfe4 15.c5 Nf5 16.Nxe4 dxe4
17.Bxe4 Qxg5 18.a4 Rb8 19.O-O-O Qe7 20.Bd3 f6 21.Nc4 Qd8 22.a5 b6 23.axb6 axb6
24.Nxb6 Rxb6 25.cxb6 Qxb6 26.Qc4 Nd6 27.Qc5 Qd8 28.Rhg1 f5 29.Kb1 Bb7 30.f3 Qd7
31.Qc2 Ra8 32.e4 Ba6 33.d5 Bxd3 34.Rxd3 cxd5 35.exd5 Qa7 36.Bd4 Qa6 37.dxe6 Nb5
38.e7 Nxd4 39.exf8=Q+ Kxf8 40.Qc5+ Kf7 41.Qxd4 Qa2+ 42.Kc1 Rc8+ 43.Rc3 Qa1+
44.Kd2 Qa2+ 45.Kd3 Qa6+ 46.Rc4 Qa3+ 47.Qc3 Rd8+ 48.Kc2 Qa2+ 49.Kc1  1-0

[Event "ch-ROU 2013"]
[Site "Baile Olanesti ROU"]
[Date "2013.02.21"]
[Round "7.4"]
[White "Filip,L"]
[Black "Grecescu,G"]
[Result "0-1"]
[WhiteElo "2464"]
[BlackElo "2391"]

1.d4 Nf6 2.c4 e6 3.Nf3 Bb4+ 4.Nbd2 b6 5.a3 Bxd2+ 6.Qxd2 Bb7 7.e3 d6 8.Be2 Nbd7
9.O-O O-O 10.b4 Ne4 11.Qc2 f5 12.d5 e5 13.Nd2 Nxd2 14.Qxd2 Nf6 15.Bb2 Qe8
16.f3 a5 17.Bc3 axb4 18.axb4 b5 19.Ra5 bxc4 20.Bxc4 Rxa5 21.bxa5 Qa8 22.Rd1 Ba6
23.Ba2 Qa7 24.Kh1 Nd7 25.f4 Re8 26.fxe5 Nxe5 27.Bd4 Qa8 28.Qc2 Qd8 29.Qxf5 Qh4
30.g3 Qh6 31.Bxe5 Rxe5 32.Qxe5 dxe5 33.d6+ Kh8 34.Rb1 g6 35.Rb8+ Kg7 36.Rg8+ Kf6  0-1

[Event "ch-Central Serbia 2013"]
[Site "Pozarevac SRB"]
[Date "2013.02.23"]
[Round "8.2"]
[White "Milanovic,Da"]
[Black "Antic,De"]
[Result "0-1"]
[WhiteElo "2496"]
[BlackElo "2473"]

1.d4 e6 2.c4 Bb4+ 3.Nd2 Nf6 4.Nf3 O-O 5.a3 Be7 6.e4 d5 7.e5 Nfd7 8.Bd3 c5
9.h4 h6 10.Bb1 Re8 11.Qc2 Nf8 12.dxc5 a5 13.O-O Na6 14.Rd1 Nxc5 15.Nb3 b6
16.Be3 Bb7 17.Nxc5 Bxc5 18.Bxc5 bxc5 19.cxd5 Bxd5 20.Ba2 Rc8 21.Bc4 Ng6 22.Rd2 Ne7
23.Qc3 Qc7 24.Re1 Bxf3 25.Qxf3 Red8 26.Rc2 Nf5 27.Qf4 Rd4 28.Re4 Rcd8 29.Rce2 Qb7
30.h5 Rd1+ 31.Kh2 Rb1 32.b3 Rdd1 33.g3 Nd4 34.Kh3 Rh1+ 35.Kg4 Nxe2 36.Bxe2 Qxb3
37.Re3 Qc2 38.Bd3 Qd1+ 39.Rf3 Rb7 40.Qe4 g6 41.hxg6 Rd7 42.Qf4 c4 43.Be4 Qf1
44.Rc3 Rh2 45.Rc2 fxg6 46.Bxg6 Qd1+ 47.f3 Rxc2  0-1

[Event "33rd TCh-IND 2013"]
[Site "Hyderabad IND"]
[Date "2013.02.26"]
[Round "9.1"]
[White "Gupta,Ab"]
[Black "Satyapragyan,S"]
[Result "1-0"]
[WhiteElo "2612"]
[BlackElo "2472"]

1.d4 Nf6 2.c4 e6 3.Nf3 Bb4+ 4.Nbd2 b6 5.a3 Bxd2+ 6.Bxd2 Bb7 7.g3 d6 8.Bg2 Nbd7
9.O-O O-O 10.Bc3 Qe7 11.d5 Ne4 12.Rc1 Nxc3 13.Rxc3 e5 14.Nd2 f5 15.Qc2 a5
16.b4 Kh8 17.Rb1 Qf7 18.Nb3 axb4 19.axb4 Ra3 20.Rd1 Nb8 21.c5 Na6 22.Qb2 Ra4
23.c6 Bc8 24.b5 Nc5 25.Nxc5 bxc5 26.Ra3 Rb4 27.Rb3 Rg4 28.b6 cxb6 29.Rxb6 f4
30.Rb8 Rg6 31.Ra1 h5 32.Qb7 Qf5 33.Qb1  1-0

[Event "TCh-CAT Div Hon 2013"]
[Site "Catalonia ESP"]
[Date "2013.03.02"]
[Round "7.6"]
[White "Serra Pages,J"]
[Black "Alexandrova,O"]
[Result "0-1"]
[WhiteElo "2213"]
[BlackElo "2427"]

1.d4 Nf6 2.c4 e6 3.Nf3 Bb4+ 4.Nbd2 O-O 5.a3 Be7 6.e4 d5 7.e5 Nfd7 8.b4 a5
9.b5 c5 10.Bb2 cxd4 11.Bxd4 Nc5 12.Nb3 Nbd7 13.Be2 a4 14.Nbd2 b6 15.O-O Bb7
16.Qc2 Qc7 17.cxd5 Bxd5 18.Bd3 g6 19.Qc3 Rfc8 20.Bb1 Nb3 21.Qe3 Nxa1 22.Bxa1 Qc5
23.Qh6 Bf8 24.Qf4 Qxa3 25.Ng5 Qe7 26.Nde4 Bxe4 27.Bxe4 Rc4 28.Nxf7 Qxf7 29.Qxf7+ Kxf7
30.Bxa8 a3 31.f4 Bc5+ 32.Kh1 Be3 33.g3 Rc1 34.Kg2 Rxf1 35.Kxf1 Nc5 36.Ke2 Bg1
37.Kd1 Nb3 38.Bc3 a2 39.h3 Bd4  0-1

[Event "45th Belgrade WGM"]
[Site "Belgrade SRB"]
[Date "2013.03.05"]
[Round "3"]
[White "Voiska,M"]
[Black "Vega Gutierrez,B"]
[Result "1-0"]
[WhiteElo "2289"]
[BlackElo "2190"]

1.d4 Nf6 2.Nf3 e6 3.c4 Bb4+ 4.Nbd2 b6 5.e3 Bb7 6.Bd3 O-O 7.Qc2 d5 8.O-O c5
9.cxd5 exd5 10.dxc5 bxc5 11.a3 Bxd2 12.Bxd2 Nbd7 13.Bc3 Rc8 14.Qa4 Bc6 15.Qf4 Qe7
16.Nh4 g6 17.Qg5 Qd8 18.Nf5 d4 19.exd4 Nd5 20.Qg3 Nxc3 21.bxc3 Qf6 22.Nh6+ Kg7
23.Ng4 Qg5 24.f4 Qd5 25.Ne3 Qb3 26.Nf5+ Kh8 27.Ne7 Qxc3 28.Nxc8 Qxd4+ 29.Qf2 Rxc8
30.Qxd4+ cxd4 31.Rac1 Nb6 32.Ba6 Rc7 33.Rfd1 Na4 34.Rxd4 Rd7 35.Rdc4  1-0

[Event "Karpos Open 2013"]
[Site "Skopje MKD"]
[Date "2013.03.09"]
[Round "1.49"]
[White "Can,E"]
[Black "Ranic,Viktor"]
[Result "1-0"]
[WhiteElo "2474"]
[BlackElo "1937"]

1.d4 Nf6 2.c4 e6 3.Nf3 Bb4+ 4.Nbd2 b6 5.g3 Bb7 6.Bg2 O-O 7.O-O Bxd2 8.Bxd2 h6
9.b4 d6 10.a4 Qe7 11.Bc3 Ne4 12.Bb2 Nf6 13.a5 Rd8 14.Qb3 Nfd7 15.Ra3 c5 16.dxc5 bxc5
17.b5 a6 18.Rd1 Nf6 19.Qd3 Ne8 20.e4 e5 21.Bxe5 f6 22.Bb2 Qxe4 23.Qf1 Qc2
24.Rd2 Qf5 25.Re3 Qc8 26.Re7 axb5 27.cxb5 Rxa5 28.Rde2 Rxb5 29.Rxe8+ Kh7
30.Qb1+ f5 31.Rxd8 Qxd8 32.Qxf5+  1-0

[Event "13th European Seniors"]
[Site "Plovdiv BUL"]
[Date "2013.03.12"]
[Round "2"]
[White "Hohler,P"]
[Black "Butnorius,A"]
[Result "0-1"]
[WhiteElo "2213"]
[BlackElo "2398"]

1.d4 Nf6 2.c4 e6 3.Nf3 Bb4+ 4.Nbd2 b6 5.e3 Bb7 6.Bd3 d5 7.O-O O-O 8.Qe2 Ne4
9.Rd1 Qe7 10.Nb1 Nd7 11.Bd2 Bd6 12.Nc3 a6 13.Rac1 c5 14.dxc5 bxc5 15.Be1 Ndf6
16.Bb1 Rfd8 17.Nxe4 dxe4 18.Nd2 Qc7 19.Nf1 Be5 20.Rc2 Bc6 21.Rxd8+ Rxd8 22.Rd2 Rb8
23.Rc2 a5 24.Bc3 a4 25.Bxe5 Qxe5 26.Rd2 h5 27.f4 exf3 28.gxf3 g6 29.Qg2 Nd7
30.Qe2 Qg5+ 31.Ng3 Nf6 32.f4 Qh4 33.Qf2 Ng4 34.Qe2 Nf6 35.Qf2 Qh3 36.e4 h4
37.Nf1 Bxe4 38.Qxc5 Qg4+ 39.Kf2 Qxf4+  0-1

[Event "TCh-CZE Div1 Zapad 2012-13"]
[Site "Czech Republic CZE"]
[Date "2013.03.17"]
[Round "9.6"]
[White "Tichy,Vl"]
[Black "Jurasek,M"]
[Result "0-1"]
[WhiteElo "2237"]
[BlackElo "2306"]

1.d4 Nf6 2.c4 e6 3.Nf3 Bb4+ 4.Nbd2 O-O 5.e3 Re8 6.Bd3 Bf8 7.O-O d6 8.e4 e5
9.d5 a5 10.Re1 Nbd7 11.Rb1 Nc5 12.Bc2 Be7 13.b3 Rf8 14.a3 Ne8 15.b4 axb4
16.axb4 Na6 17.c5 dxc5 18.bxc5 Bxc5 19.Nxe5 Nb4 20.Bb3 Nd6 21.Ndf3 f5 22.Bg5 Qe8
23.exf5 Bxf5 24.Rc1 Qb5 25.Nd4 Bxd4 26.Qxd4 Ra3 27.Rxc7 Rxb3 28.Nc4 Nf7 29.Nd6 Qxd5
30.Nxf5 Qxf5 31.Be7 Nc6 32.Rxc6 bxc6 33.Bxf8 Kxf8 34.Qa7 Qe5 35.Qa8+ Rb8
36.Qa3+ Qd6  0-1

[Event "13th European Seniors"]
[Site "Plovdiv BUL"]
[Date "2013.03.18"]
[Round "8"]
[White "Harestad,T"]
[Black "Bojarinov,V"]
[Result "0-1"]
[WhiteElo "2207"]
[BlackElo "2343"]

1.d4 Nf6 2.c4 e6 3.Nf3 Bb4+ 4.Nbd2 O-O 5.a3 Be7 6.e3 c5 7.dxc5 Bxc5 8.b4 Be7
9.Bb2 a5 10.b5 d6 11.Bd3 Nbd7 12.O-O Nc5 13.Bc2 e5 14.h3 h6 15.Qe2 Be6 16.Rfd1 Rc8
17.Rac1 Qb6 18.Nh4 g6 19.Ba1 Rfe8 20.Nhf3 Bf8 21.Kh2 Bg7 22.Bb1 Qc7 23.g3 Qe7
24.e4 Rf8 25.Nh4 Nh7 26.Ng2 h5 27.Rf1 Qd7 28.h4 f5 29.exf5 gxf5 30.Bc3 Nf6
31.f3 Bh6 32.Bc2 b6 33.Rfe1 Qf7 34.Rcd1 Rc7 35.Ba1 Rfc8 36.f4 Ng4+ 37.Kg1 e4
38.Ne3 Nxe3 39.Qxe3 Qg6 40.Kh2 Bg7 41.Bd4 Bxd4 42.Qxd4 Qg7 43.Qxg7+ Kxg7
44.Kg1 Kf6 45.Nf1 Nb7 46.Bb3 Bxc4 47.Bxc4 Rxc4 48.Ne3 R4c5 49.a4 Ke6 50.Kf2 Rc3
51.Nd5 Rf3+ 52.Kg2 Rg8 53.Nxb6 Rfxg3+ 54.Kh2 Rg2+ 55.Kh1 R2g4  0-1

[Event "13th European Seniors"]
[Site "Plovdiv BUL"]
[Date "2013.03.19"]
[Round "9"]
[White "Giulian,P"]
[Black "Orev,P"]
[Result "1/2-1/2"]
[WhiteElo "2251"]
[BlackElo "2179"]

1.d4 Nf6 2.c4 e6 3.Nf3 Bb4+ 4.Nbd2 d6 5.a3 Bxd2+ 6.Qxd2 e5 7.dxe5 dxe5 8.Qxd8+ Kxd8
9.Nxe5 Be6 10.e3 Nbd7 11.Nxd7 Nxd7 12.Bd2 Ke7 13.Bb4+ c5 14.Bc3 f6 15.Be2  1/2-1/2

[Event "AICF KIIT Cup 2013"]
[Site "Bhubaneswar IND"]
[Date "2013.03.21"]
[Round "6"]
[White "Guo Qi"]
[Black "Swathi,G"]
[Result "1/2-1/2"]
[WhiteElo "2435"]
[BlackElo "2246"]

1.d4 Nf6 2.c4 e6 3.Nf3 Bb4+ 4.Nbd2 b6 5.a3 Bxd2+ 6.Qxd2 Bb7 7.e3 d6 8.Be2 O-O
9.b4 Nbd7 10.Bb2 Qe7 11.O-O c5 12.Rfd1 Rfd8 13.Qc2 Nf8 14.Nd2 Rac8 15.Rac1 Ng6
16.Qb1 Nh4 17.e4 cxd4 18.Bxd4 e5 19.Be3 Ne8 20.g3 Ng6 21.Bg4 Rc7 22.a4 Nf8
23.Be2 Nd7 24.Nb3 Qe6 25.a5 Ba6 26.b5 Bb7 27.f3 g6 28.Rd2 Kh8 29.Qb2 Ng7
30.Rcd1 Nc5 31.axb6 axb6 32.Bxc5 bxc5 33.Na5 Qe7 34.Ra1 Ne6 35.Nb3 f5 36.Bd3 Ng5
37.Rf1 fxe4 38.fxe4 Nxe4 39.Bxe4 Bxe4 40.Qc3 Ba8 41.Rdf2 Ra7 42.h4 Ra4 43.Qe3 Kg7
44.Nd2 Rd7 45.h5 gxh5 46.Rf5 h6 47.Ne4 Bxe4 48.Qxe4 Qe6 49.Qc6 Re7 50.Rf6 Qg4
51.Qxd6 Qxg3+ 52.Kh1 Qh4+ 53.Kg1 Qd4+ 54.Qxd4 exd4 55.Rc6 Rxc4 56.b6 Ra4
57.Rxc5 Rb4 58.Rd5 Re4 59.Rd7+ Kg6 60.b7 Rg4+ 61.Kh1 Rb3 62.Rf2 d3 63.Rd6+ Kg7
64.Rd7+ Kg6 65.Rd6+  1/2-1/2

[Event "TCh-AUT 2012-13"]
[Site "St.Veit AUT"]
[Date "2013.03.21"]
[Round "8.2"]
[White "Dizdar,G"]
[Black "Bauer,Ch"]
[Result "1/2-1/2"]
[WhiteElo "2499"]
[BlackElo "2639"]

1.d4 Nf6 2.Nf3 e6 3.c4 Bb4+ 4.Nbd2 O-O 5.a3 Be7 6.e3 d5 7.Bd3 c5 8.dxc5 a5
9.Rb1 Bxc5 10.b4 axb4 11.axb4 Be7 12.O-O dxc4 13.Nxc4 Na6 14.b5 Nc5 15.Bc2 Bd7
16.Qd4 Ra2 17.Rb2 Bxb5 18.Bxh7+ Kxh7 19.Rxb5 Qxd4 20.exd4 Nce4 21.Rxb7 Nd5
22.Ne3 Nec3 23.Nxd5 Nxd5 24.Bg5 f6 25.Bd2 Rc8 26.Rb3 Rcc2 27.Rd3 g5 28.h3 Kg6
29.Re1 Kf7 30.g3 Bb4 31.Rd1 Bd6 32.Rb1 Rcb2 33.Rc1 Bb4 34.Rd1 Bd6 35.Be1 Kg6
36.R1d2 Rxd2 37.Bxd2 Ra1+ 38.Kg2 Rb1 39.Be1 Kf7 40.Rd2 Bb4 41.Re2 Bd6 42.Ra2 Bc7
43.Bd2 Bb6 44.Rc2 Rb3 45.Bc1 Rb4 46.Ba3 Rb3 47.Bc5 Ba5 48.Ra2 Rb5 49.Rc2 Bc3
50.Ra2 Ba5 51.Bd6 Ke8 52.Rc2 Bc3 53.Ba3 Rb3 54.Bc1 Ba5 55.Rc8+ Kd7 56.Ra8 Bb6
57.Rg8 Ke7 58.Rg7+ Kf8 59.Rb7 Rc3 60.Bd2 Rc7 61.Rxc7 Nxc7 62.Kf1 Nd5 63.Ke2 Kf7
64.Kd3 Kg6 65.Ke4 Bc7 66.Ne1 f5+ 67.Kf3 e5 68.dxe5 Bxe5 69.Nd3 Bd6 70.Ke2 Nf6
71.Ke3 Ne4 72.Be1 Kf6 73.Kd4 Ke6 74.g4 Nf6 75.f3 Nd7 76.Bb4 Bc7 77.Nc5+  1/2-1/2

[Event "TCh-CZE Extraliga 2012-13"]
[Site "Czech Republic CZE"]
[Date "2013.03.23"]
[Round "7.3"]
[White "Yemelin,V"]
[Black "Jakubowski,K"]
[Result "1/2-1/2"]
[WhiteElo "2574"]
[BlackElo "2510"]

1.d4 Nf6 2.c4 e6 3.Nf3 Bb4+ 4.Nbd2 b6 5.a3 Bxd2+ 6.Qxd2 Bb7 7.e3 d6 8.Be2 Nbd7
9.O-O O-O 10.b4 a5 11.Bb2 axb4 12.axb4 Qe7 13.Qc2 Rxa1 14.Rxa1 Ra8 15.Rxa8+ Bxa8
16.Nd2 Qd8 17.f3 c6 18.Qa4 Bb7 19.e4 Qa8 20.Qxa8+ Bxa8 21.e5 Ne8 22.Kf2 d5
23.cxd5 exd5 24.f4 f5 25.g4 g6 26.Nf1 Ng7 27.Ne3 Kf7 28.h3 b5 29.Bd3 Ke6
30.Bc3 h6 31.Kf3 Bb7 32.Be1 Nf8 33.Bh4 Nh7 34.Bd8 Bc8 35.Bb6 Bd7 36.Bc5 Be8
37.Ng2 h5 38.Nh4 hxg4+ 39.hxg4 Bf7 40.Kg3 Be8 41.Kf3 Bf7 42.Ng2 Kd7 43.Kg3 Ke6
44.Ne3 Be8 45.Kh4 Bd7 46.gxf5+ gxf5 47.Nf1 Kf7 48.Be2 Ne6 49.Kg3 Kg6 50.Ne3 Nhg5
51.fxg5 f4+ 52.Kf3 fxe3 53.Bd3+ Kxg5 54.Be7+ Kh5 55.Kxe3 Kg4 56.Be2+ Kg3
57.Bf6 Be8 58.Bd3 Kg4 59.Be2+ Kg3 60.Bd3 Kg4 61.Be2+  1/2-1/2

[Event "44th Marcel Duchamp"]
[Site "Buenos Aires ARG"]
[Date "2013.03.24"]
[Round "2.49"]
[White "Anino,S"]
[Black "Gomez Camacho,Micaela"]
[Result "1-0"]
[WhiteElo "2195"]
[BlackElo "1748"]

1.d4 Nf6 2.c4 e6 3.Nf3 Bb4+ 4.Nbd2 O-O 5.a3 Be7 6.e3 c5 7.dxc5 a5 8.b3 Bxc5
9.Bd3 Nc6 10.Bb2 Re8 11.Qc2 h6 12.h3 e5 13.O-O d6 14.Ne4 Nxe4 15.Bxe4 Ne7
16.Nd2 f5 17.Bf3 Rf8 18.Qc3 Qb6 19.Rfe1 Bd7 20.Rab1 Bc6 21.Kh1 Bxf3 22.Nxf3 Nc6
23.Nd2 Rf7 24.f4 Re8 25.Nf3 exf4 26.exf4 Re4 27.Rbd1 Qc7 28.g3 Rfe7 29.Rxe4 fxe4
30.Nh4 Bd4 31.Rxd4 Nxd4 32.Qxd4 e3 33.Qd5+ Kh8 34.Ng6+  1-0

[Event "TCh-AUT 2012-13"]
[Site "St.Veit AUT"]
[Date "2013.03.24"]
[Round "11.2"]
[White "Dizdar,G"]
[Black "Weiss,C"]
[Result "1-0"]
[WhiteElo "2499"]
[BlackElo "2406"]

1.Nf3 Nf6 2.c4 e6 3.d4 Bb4+ 4.Nbd2 O-O 5.a3 Bxd2+ 6.Bxd2 b6 7.g3 Bb7 8.Bg2 d6
9.O-O Nbd7 10.b4 Be4 11.Rc1 Qe7 12.Qb3 Rfd8 13.Qe3 Nf8 14.Bc3 Re8 15.Rfd1 c6
16.c5 Bd5 17.cxd6 Qxd6 18.Bh3 Ne4 19.Bb2 Rac8 20.Ne5 f6 21.Nd3 Ng5 22.Bf1 Nf7
23.f3 g5 24.Qd2 Bb3 25.Re1 Ba4 26.Qc3 Ng6 27.Ba1 Bb5 28.Nf2 Qe7 29.Bh3 Rcd8
30.Qb3 f5 31.a4 Ba6 32.Rxc6 Bb7 33.Rc2 h5 34.e4 f4 35.g4 hxg4 36.Bxg4 Nh6
37.Rec1 Rd7 38.d5 Nxg4 39.Nxg4 exd5 40.Nf6+  1-0

[Event "44th Marcel Duchamp"]
[Site "Buenos Aires ARG"]
[Date "2013.03.26"]
[Round "5.19"]
[White "Fernandez,Jor2"]
[Black "Arambel,S"]
[Result "1/2-1/2"]
[WhiteElo "2098"]
[BlackElo "2292"]

1.d4 e6 2.c4 Nf6 3.Nf3 Bb4+ 4.Nbd2 O-O 5.a3 Bxd2+ 6.Bxd2 b6 7.Bg5 Bb7 8.e3 d6
9.Bd3 Nbd7 10.Rc1 h6 11.Bh4 Qe7 12.O-O e5 13.Bb1 Rfe8 14.b4 a5 15.Bf5 g5
16.Bg3 Be4 17.Bxe4 Nxe4 18.Nd2 Nef6 19.h4 c5 20.dxc5 dxc5 21.hxg5 hxg5 22.b5 Qe6
23.Qe2 Rad8 24.Rfd1 Kg7 25.Nf1 Nf8 26.Nd2 Ng6 27.Nf3 Qf5 28.Nd2 g4 29.Nb1 Ne4
30.Nc3 Nxc3 31.Rxc3 Rxd1+ 32.Qxd1 Re7 33.Qe2 Rd7 34.f3 Qb1+ 35.Kf2 gxf3 36.gxf3 Rd1
37.Bh2 Rh1 38.Kg3 Re1 39.Qd3 Qb2 40.Rc2 Qb1 41.Rd2 Qxd3 42.Rxd3 Rc1 43.Rd6 Rxc4
44.Rxb6 Ra4 45.Rc6 Rxa3 46.Rxc5 Rxe3 47.Kf2 Rb3 48.Bxe5+ Nxe5 49.Rxe5 a4
50.Re4 a3 51.Ra4  1/2-1/2

[Event "ch-Moscow 2013"]
[Site "Moscow RUS"]
[Date "2013.03.26"]
[Round "5.10"]
[White "Gordievsky,D"]
[Black "Novichkov,Val"]
[Result "1-0"]
[WhiteElo "2443"]
[BlackElo "2371"]

1.d4 Nf6 2.c4 e6 3.Nf3 Bb4+ 4.Nbd2 b6 5.a3 Bxd2+ 6.Qxd2 Bb7 7.e3 d6 8.Be2 Nbd7
9.O-O O-O 10.b4 c5 11.Bb2 Ne4 12.Qc2 Qe7 13.Rad1 f5 14.Qb3 Ndf6 15.Ne1 Rab8
16.f3 Ng5 17.Nd3 Nf7 18.Qc3 cxb4 19.axb4 Rfc8 20.Qb3 a6 21.Nf4 Re8 22.Rfe1 Kh8
23.Ra1 e5 24.Nh3 e4 25.d5 exf3 26.Bxf3 Ne5 27.Nf4 b5 28.cxb5 axb5 29.Bd4 Ra8
30.Ra5 g5 31.Nd3 g4 32.Be2 Bxd5 33.Qb2 Rab8 34.Rf1 Kg8 35.Ra7 Rb7 36.Rxb7 Bxb7
37.Bxe5 dxe5 38.Rxf5 Qd6 39.Rxe5 Rxe5 40.Qxe5 Qxe5 41.Nxe5 g3 42.Bxb5 Kg7
43.Bc4 gxh2+ 44.Kxh2 Ne4 45.Nd7 Nd6 46.Bd3 Bc6 47.Ne5 Be8 48.Kg3 Kf6 49.Kf4 h5
50.g3 Ke6 51.Bg6 Bxg6 52.Nxg6 Nb5 53.e4 Nc3 54.Ke3 Kf6 55.Nf4 Kg5 56.Kd3 Nb5
57.Kc4 Nc7 58.b5 h4 59.b6 Na6 60.Nh3+ Kg4  1-0

[Event "O2C Doeberl Cup Premier 2013"]
[Site "Canberra AUS"]
[Date "2013.03.28"]
[Round "1.7"]
[White "Zulfic,F"]
[Black "Horvath,Ad1"]
[Result "0-1"]
[WhiteElo "2142"]
[BlackElo "2509"]

1.d4 Nf6 2.c4 e6 3.Nf3 Bb4+ 4.Nbd2 O-O 5.a3 Bxd2+ 6.Qxd2 b6 7.e3 Bb7 8.Be2 a5
9.b3 d6 10.Bb2 Ne4 11.Qc2 f5 12.O-O Nd7 13.b4 Qe7 14.Rad1 Ndf6 15.Ba1 axb4
16.axb4 Qf7 17.Qb3 Kh8 18.Bb2 Qh5 19.d5 exd5 20.cxd5 f4 21.exf4 Nxd5 22.Nd4 Qh6
23.f5 Nf4 24.Bf3 Bd5 25.Qe3 Rae8 26.Bc1 g5 27.Ne6 Bxe6 28.Bb2+ Nf6 29.fxe6 Rxe6
30.Qc3 Qg7 31.Rfe1 Rfe8 32.Bg4 Rxe1+ 33.Rxe1 Rxe1+ 34.Qxe1 Nd3 35.Bxf6 Qxf6
36.Qd2 Qa1+ 37.Bd1 Ne5 38.h3 Nc6 39.Kh2 Qe5+ 40.g3 Qd4 41.Qe2 Ne5 42.Bc2 Qc4
43.Qd1 Qe6  0-1

[Event "e2e4 Gatwick Open 2013"]
[Site "Crawley ENG"]
[Date "2013.04.06"]
[Round "2"]
[White "Savage,Nicholas W"]
[Black "McCarthy,Damian"]
[Result "0-1"]
[WhiteElo "2051"]
[BlackElo "1885"]

1.d4 Nf6 2.c4 e6 3.Nf3 Bb4+ 4.Nbd2 O-O 5.a3 Bxd2+ 6.Bxd2 b6 7.g3 Bb7 8.Bg2 d6
9.O-O Nbd7 10.b4 c5 11.Bc3 Qc7 12.Rc1 Rac8 13.Qb3 Qb8 14.Rfd1 Rfd8 15.dxc5 dxc5
16.b5 Ne4 17.Bb2 Qa8 18.Qe3 Ndf6 19.Ng5 h6 20.Nxe4 Nxe4 21.f3 Ng5 22.Qc3 f6
23.h4 Nh7 24.Bh3 Nf8 25.Qe3 Kf7 26.g4 Qb8 27.f4 Ng6 28.f5 exf5 29.g5 Rxd1+
30.Rxd1 Re8 31.Rd7+ Kf8 32.Qc3 Rxe2  0-1